| 000 | 00621nam a22001935i 4500 | ||
|---|---|---|---|
| 001 | 164415 | ||
| 003 | ES-MaACL | ||
| 005 | 20230906212930.0 | ||
| 008 | 010608s1898 gt |||| | spa d | ||
| 040 |
_aCCPB | B _bspa _cCCPB | B |
||
| 100 | 1 |
_aSalazar, Ramón A. _9132327 |
|
| 245 | 1 | 0 |
_aConflictos / _cRamón A. Salazar. |
| 260 |
_aGuatemala : _b[s.n.], _c1898 ( _fimpreso en la Tipografía Nacional) |
||
| 300 |
_a270 p. ; _c23 cm. |
||
| 490 | 1 | _aBiblioteca de "El Progreso Nacional" | |
| 830 | 0 |
_aBiblioteca de "El Progreso Nacional" _9222350 |
|
| 852 |
_aES-MaACL _jE-13079 _z-- Rúst. |
||
| 999 |
_c164415 _d164415 |
||